Effective investment (Record no. 69108)

MARC details
000 -LEADER
fixed length control field 00939cam a2200205 4500
001 - CONTROL NUMBER
control field WB3747-10
008 - FIXED-LENGTH DATA ELEMENTS--GENERAL INFORMATION
fixed length control field 011213n2001 000 0 eng u
035 ## - SYSTEM CONTROL NUMBER
System control number (Sirsi) u115991
245 ## - TITLE STATEMENT
Title Effective investment
260 ## - PUBLICATION, DISTRIBUTION, ETC.
Date of publication, distribution, etc. 2001
490 ## - SERIES STATEMENT
Series statement DTI Press Release
Volume/sequential designation (697) 7 December 2001, (3)
520 ## - SUMMARY, ETC.
Summary, etc. A new report by DTI's Future and Innovation Unit identifies a positive link between effective capital investment and company performance. "The 2001 Capex Scoreboard2" looks at three key areas:- overall UK capital investment; the sector mix of investment; the intensity of capital and R&D investment. For further details visit the Capex Scoreboard web pages at: http://www.innovation.gov.uk/projects/capex_scoreboard/capexscoreboard_fr.htm
590 ## - LOCAL NOTE (RLIN)
Local note WB
650 ## - SUBJECT ADDED ENTRY--TOPICAL TERM
Topical term or geographic name entry element CAPITAL INVESTMENT
650 ## - SUBJECT ADDED ENTRY--TOPICAL TERM
Topical term or geographic name entry element COMPANY PERFORMANCE
650 ## - SUBJECT ADDED ENTRY--TOPICAL TERM
Topical term or geographic name entry element RESEARCH
650 ## - SUBJECT ADDED ENTRY--TOPICAL TERM
Topical term or geographic name entry element DTI
690 ## - LOCAL SUBJECT ADDED ENTRY--TOPICAL TERM (OCLC, RLIN)
Topical term or geographic name as entry element MANAGEMENT-BUSINESS MANAGEMENT
942 ## - ADDED ENTRY ELEMENTS (KOHA)
Suppress in OPAC 0
Holdings
Withdrawn status Lost status Source of classification or shelving scheme Damaged status Not for loan Home library Current library Shelving location Date acquired Total Checkouts Full call number Barcode Date last seen Copy number Price effective from Koha item type
    Dewey Decimal Classification     London London News article 13/12/2001   WB3747-10 115991-1001 06/08/2019 1 06/08/2019 News article